Changing Memories into Memoirs: Guide to Writing Your Life Story / (Record no. 615494)
[ view plain ]
| 000 -LEADER | |
|---|---|
| fixed length control field | 00387nam a22001337a 4500 |
| 020 ## - INTERNATIONAL STANDARD BOOK NUMBER | |
| Qualifying information | PB. |
| 040 ## - CATALOGING SOURCE | |
| Transcribing agency | Fizza Ishaq |
| 082 ## - DEWEY DECIMAL CLASSIFICATION NUMBER | |
| Classification number | 808.064 |
| Author Mark | FAN |
| 100 ## - MAIN ENTRY--PERSONAL NAME | |
| Personal name | Fanny, Maude Evans. |
| 9 (RLIN) | 132253 |
| 245 ## - TITLE STATEMENT | |
| Title | Changing Memories into Memoirs: Guide to Writing Your Life Story / |
| Statement of responsibility, etc. | Fanny Maude-Evans. |
| 260 ## - PUBLICATION, DISTRIBUTION, ETC. | |
| Place of publication, distribution, etc. | New York, |
| Name of publisher, distributor, etc. | Joanna Cotler Books; |
| Date of publication, distribution, etc. | 1984. |
| 300 ## - PHYSICAL DESCRIPTION | |
| Extent | 214 P. ; |
| 942 ## - ADDED ENTRY ELEMENTS (KOHA) | |
| Source of classification or shelving scheme | |
| Koha item type | Book |
| Withdrawn status | Lost status | Source of classification or shelving scheme | Damaged status | Not for loan | Permanent Location | Current Location | Shelving location | Date acquired | Total Checkouts | Full call number | Barcode | Date last seen | Price effective from | Koha item type |
|---|---|---|---|---|---|---|---|---|---|---|---|---|---|---|
| NUST Baluchistan Campus (NBC) | NUST Baluchistan Campus (NBC) | General Stacks | 12/12/2025 | 808.064 FAN | QD-579 | 12/12/2025 | 12/12/2025 | Book |
